00492nam a22001577a 4500003000400000005001700004008004100021020001500062040002900077050002400106100002100130245007600151260004900227300003200276650002600308OSt20260624115539.0260624b |||||||| |||| 00| 0 eng d a1571103104 cChuka University Library aLB 1573.7 .H37 2000 aHarvey Stephanie aStrategies that work : Teaching comprehension to enhance understanding  aMarkham , Ontario bPembroke limited c2000 avarious pagingbillustrated aStrategies that work